|
|
|
|
| LEADER |
00000cam a22000004a 4500 |
| 001 |
musev2_81998 |
| 003 |
MdBmJHUP |
| 005 |
20230905052418.0 |
| 006 |
m o d |
| 007 |
cr||||||||nn|n |
| 008 |
100317s1984 miu o 00 0 eng d |
| 020 |
|
|
|a 9780472901746
|
| 020 |
|
|
|z 9780472127788
|
| 020 |
|
|
|z 9780892640553
|
| 020 |
|
|
|z 9780892640560
|
| 035 |
|
|
|a (OCoLC)1231651263
|
| 040 |
|
|
|a MdBmJHUP
|c MdBmJHUP
|
| 100 |
1 |
|
|a Chu, Raymond W.,
|d 1936-
|
| 245 |
1 |
0 |
|a Career Patterns in the Ch'ing Dynasty :
|b The Office of the Governor General /
|c Raymond W. Chu, William G. Saywell.
|
| 264 |
|
1 |
|a Ann Arbor :
|b Center for Chinese Studies, University of Michigan,
|c 1984.
|
| 264 |
|
3 |
|a Baltimore, Md. :
|b Project MUSE,
|c 2021
|
| 264 |
|
4 |
|c ©1984.
|
| 300 |
|
|
|a 1 online resource.
|
| 336 |
|
|
|a text
|b txt
|2 rdacontent
|
| 337 |
|
|
|a computer
|b c
|2 rdamedia
|
| 338 |
|
|
|a online resource
|b cr
|2 rdacarrier
|
| 490 |
0 |
|
|a Michigan monographs in Chinese studies ;
|v no. 51
|
| 506 |
0 |
|
|a Open Access
|f Unrestricted online access
|2 star
|
| 588 |
|
|
|a Description based on print version record.
|
| 650 |
0 |
7 |
|a Geschichte (1644-1912)
|2 swd
|
| 650 |
|
7 |
|a Statthalter
|2 gnd
|
| 650 |
1 |
7 |
|a Tjʹing-dynastie.
|2 gtt
|
| 650 |
1 |
7 |
|a Ambtenaren.
|2 gtt
|
| 650 |
|
7 |
|a Politics and government
|2 fast
|0 (OCoLC)fst01919741
|
| 650 |
|
7 |
|a Governors.
|2 fast
|0 (OCoLC)fst00945704
|
| 650 |
|
0 |
|a Governors
|z China
|v Biography.
|
| 650 |
|
0 |
|a Governors
|z China
|x History.
|
| 651 |
|
7 |
|a China.
|2 swd
|
| 651 |
|
7 |
|a China.
|2 fast
|0 (OCoLC)fst01206073
|
| 651 |
|
0 |
|a China
|x Politics and government
|y 1644-1912.
|
| 655 |
|
7 |
|a History.
|2 fast
|0 (OCoLC)fst01411628
|
| 655 |
|
7 |
|a Biographies.
|2 fast
|0 (OCoLC)fst01919896
|
| 655 |
|
7 |
|a Electronic books.
|2 local
|
| 700 |
1 |
|
|a Saywell, William G.,
|d 1936-
|
| 710 |
2 |
|
|a Project Muse.
|e distributor
|
| 830 |
|
0 |
|a Book collections on Project MUSE.
|
| 856 |
4 |
0 |
|z Texto completo
|u https://projectmuse.uam.elogim.com/book/81998/
|